Elias dictionary of computing and the internet:English-English-Arabic. (رقم التسجيلة. 103138)
[ عرض عادي ]
| 000 -LEADER | |
|---|---|
| fixed length control field | 007770am a2200241 004500 |
| 008 - FIXED-LENGTH DATA ELEMENTS--GENERAL INFORMATION | |
| fixed length control field | 980213s2003 ua a f 000 0 eng d |
| 020 ## - INTERNATIONAL STANDARD BOOK NUMBER | |
| International Standard Book Number | 977304064x |
| 040 ## - CATALOGING SOURCE | |
| Original cataloging agency | EG-GiCUC |
| Language of cataloging | eng |
| Transcribing agency | EG-GiCUC |
| 050 00 - LIBRARY OF CONGRESS CALL NUMBER | |
| Classification number | QA76.15 |
| Item number | .E4 2003 |
| 092 04 - LOCALLY ASSIGNED DEWEY CALL NUMBER (OCLC) | |
| Classification number | 004.03 |
| Item number | E422 |
| Edition number | 21 |
| 099 ## - LOCAL FREE-TEXT CALL NUMBER (OCLC) | |
| Classification number | 04 |
| -- | 004.03 E422 |
| 245 02 - TITLE STATEMENT | |
| Title | Elias dictionary of computing and the internet:English-English-Arabic. |
| 246 03 - VARYING FORM OF TITLE | |
| Title proper/short title | Dictionary of computing and the internet |
| 246 05 - VARYING FORM OF TITLE | |
| Title proper/short title | قاموس الياس للكمبيوتر و الانترنت |
| 260 ## - PUBLICATION, DISTRIBUTION, ETC. | |
| Place of publication, distribution, etc. | Cairo: |
| Name of publisher, distributor, etc. | Elias Modern Publishing House, |
| Date of publication, distribution, etc. | 2003. |
| 300 ## - PHYSICAL DESCRIPTION | |
| Extent | 637p. : |
| Other physical details | ill. ; |
| Dimensions | 24 cm. |
| 650 #0 - SUBJECT ADDED ENTRY--TOPICAL TERM | |
| Topical term or geographic name entry element | Computers |
| General subdivision | Dictionaries. |
| 650 #0 - SUBJECT ADDED ENTRY--TOPICAL TERM | |
| Topical term or geographic name entry element | Internet |
| General subdivision | Dictionaries. |
| 902 ## - LOCAL DATA ELEMENT B, LDB (RLIN) | |
| No. of Items | 3 |
| 905 ## - LOCAL DATA ELEMENT E, LDE (RLIN) | |
| Cataloger | Eman |
| Reviser | Rev. |
| 905 ## - LOCAL DATA ELEMENT E, LDE (RLIN) | |
| Cataloger | Jamal |
| Reviser | Cat |
| 942 ## - ADDED ENTRY ELEMENTS (KOHA) | |
| Source of classification or shelving scheme | Dewey Decimal Classification |
| Koha item type | Reference |
| Source of classification or shelving scheme | Not for loan | Home library | Current library | Date acquired | Full call number | Barcode | Date last seen | Copy number | Koha item type |
|---|---|---|---|---|---|---|---|---|---|
| Dewey Decimal Classification | المكتبة المركزبة الجديدة - جامعة القاهرة | قاعة المراجع - الدور الثاني | 11.02.2024 | 004.03 E422 2003 | 01000110186892000 | 23.09.2023 | C.1 | Reference | |
| Dewey Decimal Classification | المكتبة المركزبة الجديدة - جامعة القاهرة | قاعة المراجع - الدور الثاني | 11.02.2024 | 004.03 E422 2003 | 01000110186893000 | 23.09.2023 | C.2 | Reference | |
| Dewey Decimal Classification | المكتبة المركزبة الجديدة - جامعة القاهرة | قاعة المراجع - الدور الثاني | 11.02.2024 | 004.03 E422 2003 | 01000110186894000 | 23.09.2023 | C.3 | Reference |